000 00332nam a2200145Ia 4500
999 _c14192
_d14192
003 OSt
005 20260326134646.0
008 260210s9999 xx 000 0 und d
020 _a9781632409034
082 _a747.2
100 _aSpencer
245 0 _aCultural Anthropology
260 _bClanrye International
942 _cBPLAN
_2ddc